| 000 | 00713cam a22002171 4500 | ||
|---|---|---|---|
| 001 | 000018921 | ||
| 005 | 20200929165901.0 | ||
| 008 | 751002s1926 xx 000 0 fre | ||
| 010 | _a27026164 | ||
| 035 | _a(OCoLC)1671136 | ||
| 040 |
_aDO-SdBNP _cMBU _dDLC |
||
| 042 | _apremarc | ||
| 050 | 0 | 0 |
_aPQ2607.U53 _bL4 1926 |
| 100 | 1 |
_aDuhamel, Georges, _d1884-1966. _940726 |
|
| 245 | 1 | 0 | _aLettres au patagon. |
| 250 | _a4. ed. | ||
| 260 |
_aParis, : _bMercvre de France, _c1926. |
||
| 300 |
_a4 p. 1., [7]-222 p., 3 l. ; _c19 cm. |
||
| 505 | 0 | _aSur les orateurs.--Sur quelques aventures de l'esprit.--Sur le theatre.--Sur les savants.--Sur les amateurs.--Sur les malades. | |
| 910 | _aCatalogación derivada / LC | ||
| 999 |
_c18439 _d18439 |
||